Introduction to Tensor Calculus and Continuum Mechanics (Record no. 508)
[ view plain ]
| 000 -LEADER | |
|---|---|
| fixed length control field | 00288 a2200097 4500 |
| 082 ## - DEWEY DECIMAL CLASSIFICATION NUMBER | |
| Classification number | 515.63 HEI |
| 100 ## - MAIN ENTRY--PERSONAL NAME | |
| Personal name | Heinbockel, J. H. |
| 245 ## - TITLE STATEMENT | |
| Title | Introduction to Tensor Calculus and Continuum Mechanics |
| Statement of responsibility, etc. | J. H. Heinbockel |
| 260 ## - PUBLICATION, DISTRIBUTION, ETC. | |
| Date of publication, distribution, etc. | 1996 |
| 300 ## - PHYSICAL DESCRIPTION | |
| Extent | 367p. : |
| Other physical details | ill ., ; |
| Dimensions | 29 cm |
| 650 ## - SUBJECT ADDED ENTRY--TOPICAL TERM | |
| Topical term or geographic name entry element | Calculus and Continuum Mechanics |
| Withdrawn status | Lost status | Damaged status | Not for loan | Permanent Location | Current Location | Shelving location | Date acquired | Total Checkouts | Full call number | Barcode | Date last seen | Price effective from | Koha item type |
|---|---|---|---|---|---|---|---|---|---|---|---|---|---|
| School of Civil and Environmental Engineering (SCEE) | School of Civil and Environmental Engineering (SCEE) | 515.63 HEI | NIT-3935 | 01/05/2017 | 01/05/2017 | Book |
